| 000 | 00843nam a22002651 4500 | ||
|---|---|---|---|
| 001 | 33324 | ||
| 003 | BD-RjUL | ||
| 005 | 20211209052004.0 | ||
| 008 | 140507s1967 nyu 001 0 eng d | ||
| 035 | _a(BD-RjUL)33415 | ||
| 040 |
_aDLC _cDLC _dDLC _dBD-RjUL _beng |
||
| 041 | _aeng | ||
| 082 | 0 | 0 |
_a616.89 _bOPC 1967 |
| 100 | 1 |
_aOpler, Marvin K. _q(Marvin Kaufmann), _d1914-1981. _9101168 |
|
| 245 | 1 | 0 |
_aCulture & social psychiatry / _cMarvin K. Opler. |
| 260 |
_aNew York : _bAtherton Press, _c1967. |
||
| 300 |
_axxvi, 434 p. ; _c22 cm. |
||
| 500 | _aA greatly enlarged and updated ed. of the author's Culture, psychiatry, and human values. | ||
| 504 | _aIncludes Index | ||
| 650 | 0 |
_aSocial psychiatry. _918415 |
|
| 650 | 0 |
_aPersonality and culture. _9101169 |
|
| 942 |
_2ddc _cBK |
||
| 999 |
_c33324 _d33324 |
||